000 00972nam a2200277Ia 4500
005 20220317001457.0
008 161108s2015 ck ao 000 0 s
020 _a9789584244468
020 _a9584244469
082 0 4 _a080
_bD82s
100 1 _aDueñas, Jairo
245 1 0 _aSimples conversaciones
_bveinte años de país y cuarenta personajes inolvidables
_cJairo Dueñas
250 _a1a. edición
300 _a330 páginas
_bilustraciones, fotografías en color
_c24 cm
650 1 4 _2LEMB
_aPeriodistas
_vEntrevistas
650 1 4 _2LEMB
_aCantantes colombianos
_vEntrevistas
650 1 4 _2LEMB
_aActores colombianos
_vEntrevistas
650 1 4 _2LEMB
_aPoliticos colombianos
_vEntrevistas
650 1 4 _2LEMB
_aEscritores colombianos
_vEntrevistas
942 _2ddc
_cBK
264 _aBogotá
_bPlaneta
_c2015
336 _atexto
_btxt
_2rdacontent
337 _asin mediación
_bn
_2rdamedia
338 _avolumen
_bnc
_2rdacarrier
040 _aCO-BoRNBP
_bspa
_erda
_cCO-BoRNBP
999 _c7093
_d7093